Linie Mobilisa w Krakowie - Statystyki

Ogólne statystyki
  • Ten quiz został rozwiązany 27 razy
  • Średni wynik to 24 z 31
Statystyki odpowiedzi
Kierunek Linia % Poprawnych
Czyżyny Dworzec - Dworzec Główny Zachód 129
96%
Prądnik Czerwony - Starowiślna 184
91%
Plac Centralny im. R. Reagana - Nowy Kleparz 189
91%
Lesisko - Górka Narodowa P+R 193
91%
Kopiec Kościuszki - Plac Na Stawach 100
87%
Kopiec Kościuszki - Os. Podwawelskie 101
87%
Aleja Przyjaźni - Lesisko 103
87%
Łagiewniki - Skotniki Szkoła 106
87%
Czyżyny Dworzec - Cmentarz Olszanica 152
87%
Bielany - Craciovia Stadion 109
83%
Łagiewniki - Os. Pod Fortem 136
83%
Podgórze SKA - Kokotów SKA 143
83%
Nowy Kleparz - Żabiniec 147
83%
Os. Piastów - Cichy Kącik 159
83%
Szpital Rydygiera - Miejskie Centrum Opieki 163
83%
Mistrzejowice - Łagiewniki 178
83%
Bulwarowa - Chełmońskiego Pętla 501
83%
Aleja Przyjaźni/Wańkowicza - Węgrzynowice 110
78%
Czyżyny Dworzec - Elektrociepłownia 113
78%
Bronowice Małe - Os. Podwawelskie 126
78%
Czyżyny Dworzec - Os Na stoku 142
78%
Pleszów - Kujawy 181
78%
Os. Na Stoku - Chełmońskiego Pętla 511
78%
Pleszów - Chałupki 131
74%
Pleszów Przylasek Rusiecki 141
74%
Łagiewniki - Kozienicka 196
74%
Mistrzejowice - Czerwone Maki P+R 578
70%
Na Załęczu - Czyżyny Dworzec (NOCNA) 603
65%
Os. Podwawelskie - Tyniec Kamieniołom (NOCNA) 612
61%
Łagiewniki - Skotniki Szkoła 496
52%
Na Załęczu - Rondo Czyżyńskie 413
43%
Nie znaleziono quizów pasujących do podanych kryteriów
Rozkład punktacji
Procent ludzi z każdym wynikiem
Percentyl według liczby udzielonych odpowiedzi
Twoja historia wyników
Nie rozwiązałeś tego quizu